مكتبة جامعة عجلون الوطنية

فهرس بحث المكتبة

Normal view MARC view
  • الصناعات التحويلية - التصنيع - الظروف الاقتصادية - مصر - تونس

Entry Topical Term

Number of records used in: 1

001 - CONTROL NUMBER

  • control field: 52004

003 - CONTROL NUMBER IDENTIFIER

  • control field: JO-AjAnu

005 - DATE AND TIME OF LATEST TRANSACTION

  • control field: 20230606082542.0

008 - FIXED-LENGTH DATA ELEMENTS

  • fixed length control field: 230606|| aca||aabn | a|a d

040 ## - CATALOGING SOURCE

  • Original cataloging agency: JO-AjAnu
  • Transcribing agency: JO-AjAnu

150 ## - HEADING--TOPICAL TERM

  • Topical term or geographic name entry element: الصناعات التحويلية - التصنيع - الظروف الاقتصادية - مصر - تونس

670 ## - SOURCE DATA FOUND

  • Source citation: Work cat.: (JO-AjAnu)26578: اعداد عبدالهادي، هويدا عبدالعظيم, author 52003, الصناعات التحويلية في افريقيا الفرص والتحديات مع التركيز على مصر وتونس